Chelsea 2025 FIFA World Club Cup Squad - Statistics

General Stats
  • This quiz has been taken 199 times
  • The average score is 21 of 29
Answer Stats
# Position Player Nation % Correct
10 MF Cole Palmer
96%
3 DF Marc Cucurella
96%
8 MF Enzo Fernández
95%
1 GK Robert Sánchez
95%
7 FW Pedro Neto
93%
25 MF Moisés Caicedo
92%
15 FW Nicolas Jackson
91%
Head Coach Enzo Maresca
89%
6 DF Levi Colwill
86%
24 DF Reece James
83%
11 FW Noni Madueke
82%
27 DF Malo Gusto
78%
12 GK Filip Jörgensen
77%
9 FW Liam Delap
77%
5 DF Benoît Badiashile
76%
45 MF Roméo Lavia
75%
4 DF Tosin Adarabioyo
74%
38 FW Marc Guiu
68%
23 DF Trevoh Chalobah
64%
18 MF Christopher Nkunku
60%
32 FW Tyrique George
56%
17 MF Andrey Santos
53%
22 MF Kiernan Dewsbury-Hall
53%
34 DF Josh Acheampong
46%
44 GK Gabriel Slonina
43%
30 DF Aaron Anselmino
39%
14 MF Dário Essugo
39%
39 GK Mike Penders
39%
19 DF Mamadou Sarr
38%
No matching quizzes found
Score Distribution
Percent of People with Each Score
Percentile by Number Answered
Your Score History
You have not taken this quiz